Khomeni, Iranian Revolution and the Shi`te Faith (Record no. 19318)

MARC details
000 -LEADER
fixed length control field 00648nam a2200253 a 4500
020 ## - INTERNATIONAL STANDARD BOOK NUMBER
ISBN
082 00 - DEWEY DECIMAL CLASSIFICATION NUMBER
Classification number 297.82
Author Cutter NOM
100 ## - MAIN ENTRY--AUTHOR NAME
Author name Nomani, Mohammad Manzoor
245 ## - TITLE STATEMENT
Title Khomeni, Iranian Revolution and the Shi`te Faith
260 ## - PUBLICATION, DISTRIBUTION, ETC. (IMPRINT)
Place of publication Lucknow
Name of publisher Al-Furqan Book Depot
Year of publication 1985
300 ## - PHYSICAL DESCRIPTION
Number of Pages 198p
500 ## - GENERAL NOTE
General note includes index and biblioraphy
505 2# - FORMATTED CONTENTS NOTE
Formatted contents note bibliography
650 ## - SUBJECT ADDED ENTRY--TOPICAL TERM
Topical Term Khomeini
650 ## - SUBJECT ADDED ENTRY--TOPICAL TERM
Topical Term Shiah-Islam
942 ## - ADDED ENTRY ELEMENTS (KOHA)
Koha item type Books
700 1# -
-- Nomani, Mohammad Manzoor
Holdings
Collection code Home library Current library Date acquired Cost, normal purchase price Full call number Accession Number Koha item type
  Henry Martyn Institute Library Henry Martyn Institute Library 02/05/2010 100.00 297.82 NOM 11002117 Books
                   Copyright © 2026 | Henry Martyn Institute | Hyderabad | TS-500052 | INDIA | Implemented by hmi.edu.in
Hit-Count:

Powered by Koha